[Event "Olympiad Women-36"]
[Site "Mallorca"]
[Date "2004.10.26"]
[Round "11.2"]
[White "Burijovich, Liliana"]
[Black "Vasquez Ramirez, Rocio Nefertiti"]
[Result "1/2-1/2"]
[WhiteElo "2212"]
[BlackElo "2257"]
[PlyCount "202"]
[EventDate "2004.10.15"]
[EventType "team-swiss"]
[EventRounds "14"]
[EventCountry "ESP"]
[SourceTitle "CBM 102 Extra"]
[Source "ChessBase"]
[SourceDate "2004.11.03"]
[SourceVersion "1"]
[SourceVersionDate "2004.11.03"]
[SourceQuality "1"]
[WhiteTeam "Argentina (W)"]
[BlackTeam "Ecuador (W)"]
[WhiteTeamCountry "ARG"]
[BlackTeamCountry "ECU"]

1. e4 c5 2. Nf3 e6 3. d4 cxd4 4. Nxd4 Nc6 5. Nb5 d6 6. c4 a6 7. N5c3 Nf6 8. Be2 Be7 9. 0-0 0-0 10. Be3 b6 11. Nd2 Ne5 12. f4 Ned7 13. Bf3 Rb8 14. a4 e5 15. f5 Bb7 16. Kh1 Ne8 17. Bf2 Nc5 18. Qc2 a5 19. Rad1 Bc6 20. Rfe1 Nc7 21. Nb5 N7a6 22. Bxc5 bxc5 23. Nb1 Rb7 24. N1c3 Nb4 25. Qe2 Rd7 26. f6 Bxf6 27. Bg4 Rb7 28. Nxd6 Rb8 29. Qf2 Qb6 30. Ndb5 Rbd8 31. Nd5 Nxd5 32. exd5 Bxb5 33. axb5 e4 34. Rxe4 Bd4 35. Rexd4 cxd4 36. Qxd4 Qxd4 37. Rxd4 f5 38. Bf3 Rfe8 39. Kg1 Re1+ 40. Kf2 Rc1 41. Bd1 Kf7 42. Ke2 Kf6 43. Kd2 Ke5 44. Rh4 g5 45. Kxc1 gxh4 46. Kd2 Kd4 47. b3 Kc5 48. Ke3 Re8+ 49. Kd2 f4 50. h3 Re3 51. Kc2 Re1 52. Bf3 h6 53. d6 Kxd6 54. b6 Re3 55. b7 Kc7 56. c5 Kb8 57. c6 a4 58. bxa4 Ra3 59. Bd5 Rxa4 60. Kd3 Kc7 61. Ke2 Rd4 62. Bf3 Rc4 63. Kd3 Rb4 64. Kc3 Ra4 65. Bd5 Kb8 66. Bc4 Ra3+ 67. Kd4 f3 68. gxf3 Rxf3 69. Be6 Kc7 70. Bd7 Rg3 71. Ke5 Rf3 72. Ke4 Rf6 73. Kd5 Rf3 74. Ke5 Rf1 75. Bf5 Rf2 76. Kf6 Rg2 77. Bd7 Rg5 78. Ke7 Rg7+ 79. Ke6 Rg3 80. Ke5 Rf3 81. Be6 Rc3 82. Bd7 Rf3 83. Kd4 Rf4+ 84. Kc5 Rf2 85. Kd4 Rf4+ 86. Ke5 Rf3 87. Be6 Re3+ 88. Kf6 Rc3 89. Bd7 Rg3 90. Ke7 Rg5 91. Kf6 Rg3 92. Bf5 Rc3 93. Bd7 Rg3 94. Ke7 Rg7+ 95. Ke6 Rg6+ 96. Kd5 Rg5+ 97. Ke4 Kb8 98. Bf5 Rg3 99. Ke5 Kc7 100. b8Q+ Kxb8 101. Kd6 Rc3 1/2-1/2

[Event "Olympiad Women-36"]
[Site "Mallorca"]
[Date "2004.10.23"]
[Round "8.2"]
[White "Vasquez Ramirez, Rocio Nefertiti"]
[Black "Cinar, Nilufer"]
[Result "1-0"]
[WhiteElo "2257"]
[BlackElo "2053"]
[PlyCount "59"]
[EventDate "2004.10.15"]
[EventType "team-swiss"]
[EventRounds "14"]
[EventCountry "ESP"]
[SourceTitle "CBM 102 Extra"]
[Source "ChessBase"]
[SourceDate "2004.11.03"]
[SourceVersion "1"]
[SourceVersionDate "2004.11.03"]
[SourceQuality "1"]
[WhiteTeam "Ecuador (W)"]
[BlackTeam "Turkey (W)"]
[WhiteTeamCountry "ECU"]
[BlackTeamCountry "TUR"]

1. e4 c5 2. Nf3 d6 3. Nc3 g6 4. d4 cxd4 5. Qxd4 Nf6 6. e5 Nc6 7. Bb5 dxe5 8. Qxd8+ Kxd8 9. Bxc6 bxc6 10. Nxe5 Ke8 11. 0-0 Nd5 12. Nxc6 Nxc3 13. bxc3 Bg7 14. Re1 Be6 15. Nd4 Rc8 16. Rb1 Bd5 17. Rb5 Bxa2 18. Rb7 Bf6 19. Rxa7 Bc4 20. Ba3 e6 21. Rb1 Bd5 22. Nb5 Be5 23. Bd6 Bf6 24. Nc7+ Kd8 25. Nxd5 exd5 26. Rxf7 Bxc3 27. Rbb7 Ra8 28. g3 h5 29. Rbd7+ Ke8 30. Rfe7+ 1-0

[Event "Olympiad Women-36"]
[Site "Mallorca"]
[Date "2004.10.18"]
[Round "4.2"]
[White "Vasquez Ramirez, Rocio Nefertiti"]
[Black "Dzagnidze, Nana"]
[Result "0-1"]
[WhiteElo "2257"]
[BlackElo "2484"]
[PlyCount "70"]
[EventDate "2004.10.15"]
[EventType "team-swiss"]
[EventRounds "14"]
[EventCountry "ESP"]
[SourceTitle "CBM 102 Extra"]
[Source "ChessBase"]
[SourceDate "2004.11.03"]
[SourceVersion "1"]
[SourceVersionDate "2004.11.03"]
[SourceQuality "1"]
[WhiteTeam "Ecuador (W)"]
[BlackTeam "Georgia (W)"]
[WhiteTeamCountry "ECU"]
[BlackTeamCountry "GEO"]

1. e4 c5 2. Nf3 d6 3. d4 cxd4 4. Nxd4 Nf6 5. Nc3 a6 6. f3 e5 7. Nb3 Be6 8. Be3 Nbd7 9. Nd5 Nxd5 10. exd5 Bf5 11. Bd3 Bxd3 12. Qxd3 Be7 13. 0-0 0-0 14. c4 Rc8 15. Rac1 Bg5 16. Rf2 b6 17. Rfc2 a5 18. Nd2 f5 19. b3 Qf6 20. a3 Rce8 21. Rf1 e4 22. fxe4 Nc5 23. Bxc5 bxc5 24. Rxf5 Qa1+ 25. Rf1 Rxf1+ 26. Nxf1 Bf6 27. g3 Bd4+ 28. Kg2 Qxa3 29. Ne3 a4 30. Nf5 Qxb3 31. Qxb3 axb3 32. Rc1 b2 33. Rb1 Be5 34. Kf3 Ra8 35. Ne7+ Kf8 0-1

[Event "Olympiad Women-36"]
[Site "Mallorca"]
[Date "2004.10.16"]
[Round "2.2"]
[White "Agrest, Svetlana"]
[Black "Vasquez Ramirez, Rocio Nefertiti"]
[Result "1-0"]
[WhiteElo "2238"]
[BlackElo "2257"]
[PlyCount "45"]
[EventDate "2004.10.15"]
[EventType "team-swiss"]
[EventRounds "14"]
[EventCountry "ESP"]
[SourceTitle "CBM 102 Extra"]
[Source "ChessBase"]
[SourceDate "2004.11.03"]
[SourceVersion "1"]
[SourceVersionDate "2004.11.03"]
[SourceQuality "1"]
[WhiteTeam "Sweden (W)"]
[BlackTeam "Ecuador (W)"]
[WhiteTeamCountry "SWE"]
[BlackTeamCountry "ECU"]

1. e4 c5 2. Nf3 e6 3. d3 Nc6 4. g3 d5 5. Nbd2 Nf6 6. Bg2 Be7 7. 0-0 0-0 8. e5 Nd7 9. Re1 b5 10. h4 Re8 11. Nf1 f5 12. exf6 Nxf6 13. Bf4 Bd6 14. Ne5 Qc7 15. Qe2 Nd4 16. Qd2 Nh5 17. c3 Nxf4 18. cxd4 Nxg2 19. Kxg2 cxd4 20. Rac1 Qe7 21. Qf4 Bc5 22. Rxc5 Qf8 23. Qxd4 1-0

[Event "CUB-ch op (Women)"]
[Site "Havana"]
[Date "2004.04.23"]
[Round "4"]
[White "Ordaz Valdes, Lisandra Teresa"]
[Black "Vasquez Ramirez, Rocio Nefertiti"]
[Result "1/2-1/2"]
[WhiteElo "2199"]
[BlackElo "2250"]
[PlyCount "44"]
[EventDate "2004.04.20"]
[EventType "swiss"]
[EventRounds "9"]
[EventCountry "CUB"]
[SourceTitle "CBM 100 Extra"]
[Source "ChessBase"]
[SourceDate "2004.07.06"]
[SourceVersion "2"]
[SourceVersionDate "2004.07.06"]
[SourceQuality "1"]

1. d4 d5 2. c4 dxc4 3. Nf3 Nf6 4. e3 e6 5. Bxc4 a6 6. a4 c5 7. 0-0 Nc6 8. Qe2 Be7 9. Rd1 cxd4 10. exd4 Nb4 11. Nc3 0-0 12. Bg5 Re8 13. Rac1 Nfd5 14. Bd2 Bd7 15. Bb3 Bd6 16. Ne4 Nf4 17. Bxf4 Bxf4 18. Rc3 Nd5 19. Rc2 Nb4 20. Rc3 Nd5 21. Rc2 Nb4 22. Rc3 Nd5 1/2-1/2